O mercador de Veneza (Record no. 123694)

MARC details
000 -LÍDER
campo de controle de tamanho fixo 00991 a2200265 4500
001 - NÚMERO DE CONTROLE
campo de controle 123694
020 ## - ISBN - INTERNATIONAL STANDARD BOOK NUMBER
ISBN - International Standard Book Number 9788536803883
040 ## - FONTE DA CATALOGAÇÃO
Instituição que transcreveu o registro Escola Canadense de Niteroi
090 ## - NÚMERO DE CHAMADA LOCAL
Número de chamada (OCLC) (R); Número de chamada, CALL (RLIN) (NR) SHA
100 ## - ENTRADA PRINCIPAL--NOME PESSOAL
Nome pessoal Shakespeare, William
245 10 - TÍTULO
Título O mercador de Veneza
250 ## - EDIÇÃO
Edição 1. ed.
260 ## - PUBLICAÇÃO, DISTRIBUIÇÃO, ETC.
Local de publicação, distribuição, etc. São Paulo
300 ## - DESCRIÇÃO FÍSICA
Extensão 119 p.
Outros detalhes físicos il.
Dimensões 5 x 22,5 cm (brochura)
362 0# - DATAS DE PUBLICAÇÃO E/OU DESIGNAÇÃO SEQUENCIAL
Datas de publicação e/ou designação sequencial 2008
520 ## - NOTA DE RESUMO, ETC
Resumo, etc. Considerada uma das obras-primas de William Shakespeare, duas personagens tomam a cena nesta trama polêmica. o agiota Shylock empresta dinheiro ao mercador Antonio, que acaba por dar como garantia de pagamento um pedaço de sua própria carne. ao final, destaca-se um apêndice que apresenta o contexto de época em que transcorre a narrativa.
650 #4 - ASSUNTO--TERMO TÓPICO
Cabeçalho tópico ou nome geográfico Discriminação
650 #4 - ASSUNTO--TERMO TÓPICO
Cabeçalho tópico ou nome geográfico Preconceito
650 #4 - ASSUNTO--TERMO TÓPICO
Cabeçalho tópico ou nome geográfico Peça de Teatro
650 #4 - ASSUNTO--TERMO TÓPICO
Cabeçalho tópico ou nome geográfico Desigualdade Social
650 #4 - ASSUNTO--TERMO TÓPICO
Cabeçalho tópico ou nome geográfico Literatura Clássica
650 #4 - ASSUNTO--TERMO TÓPICO
Cabeçalho tópico ou nome geográfico Literatura para Jovem Adulto
650 #4 - ASSUNTO--TERMO TÓPICO
Cabeçalho tópico ou nome geográfico Classes Sociais
942 ## - ELEMENTOS DE ENTRADA ADICIONADOS (KOHA)
Tipo de material Koha Livros
Holdings
Situação do descarte Situação das perdas Situação física Não pode ser emprestado Biblioteca de origem Biblioteca atual Data de aquisição Total de empréstimos Número de chamada completo Código de barras Data de último acesso Data do preço efetivo Tipo de material Koha Fonte da classificação ou esquema de arquivamento na estante Nota pública
        Canadian School of Niterói - Itacoatiara Canadian School of Niterói - Itacoatiara 09/02/2024   SHA A14526 09/02/2024 09/02/2024 Livros    
        Novo Tempo - Aureliano São José Novo Tempo - Aureliano São José 03/05/2024     nt242 03/05/2024 03/05/2024 Livros Classificação Decimal de Dewey Estante Azul